000 00473nam a2200157Ia 4500
008 210716s9999 xx 000 0 und d
020 _a9789350750476
041 _aeng
082 _a153.94 SHAS
100 _aSharma, Surabhi;Gururani, Kailash Chandra.
245 _aUGC net set : computer science and applications.
_bcomputer science and applications.
250 _a1
260 _aNew Delhi
_bArihant Publications Pvt Ltd
300 _a1127
650 _aAptitude Test
999 _c193599
_d193599